The British journal of mathematical and statistical psychology

Bibliographic Details
Corporate Author: British Psychological Society
Format: Electronic Journal
Language:English
Published: Leicester [England] : British Psychological Society
Subjects:
Online Access:Full text available from Research Library: 05/01/1998 to 05/31/2006

MARC

LEADER 00000nas a2200000 a 4500
001 ssj0012506
003 WaSeSS
005 20200512172242.0
006 m d
007 cr n
008 000501c19659999enkfx pss 0 a0eng c
010 |a  00238525  
022 |a 2044-8317  |l 0007-1102  |y 0007-1102 
035 |a (WaSeSS)ssj0012506 
037 |b British Psychological Society, Turpin Distribution Services Ltd., Blackhorse Rd., Letchworth, Herts SG6 1HN 
040 |a RCE  |b eng  |c RCE  |d IUL  |d OCLCQ  |d OCL  |d EEM  |d MUQ  |d OCLCQ  |d SERSO  |d F#A  |d OCLCQ  |d OCLCF  |d OCLCQ  |d U3W  |d NJT  |d WaSeSS 
042 |a pcc 
050 1 4 |a BF1 
130 0 |a British journal of mathematical and statistical psychology (Online) 
210 1 0 |a Br. J. Math. Stat. Psychol.  |b (Online) 
222 0 |a British journal of mathematical and statistical psychology 
245 1 4 |a The British journal of mathematical and statistical psychology  |h [electronic resource]. 
260 |a Leicester [England] :  |b British Psychological Society 
310 |a Two no. a year 
362 1 |a Print began with vol. 18 (May 1965). 
506 |a License restrictions may limit access. 
538 |a Mode of access: World Wide Web. 
588 |a Description based on: Vol. 52, pt. 1 (May 1999); title from journal home page. 
588 |a Latest issue consulted: Vol. 53, no. 1 (May 2000). 
650 0 |a Psychometrics  |v Periodicals. 
650 6 |a Psychométrie. 
650 7 |a Psychometrics.  |2 fast  |0 (OCoLC)fst01081639 
655 0 |a Electronic journals. 
710 2 |a British Psychological Society. 
776 0 8 |i Print version:  |t British journal of mathematical & statistical psychology  |x 0007-1102  |w (DLC) 50013756  |w (OCoLC)6010380 
856 4 0 |z Full text available from Research Library: 05/01/1998 to 05/31/2006  |u https://search.proquest.com/publication/36005